00834nam a22002297a 45000010005000000030006000050050017000110080041000280200018000690400029000870500015001160820010001311000020001412450033001612500045001942600039002393000044002784900034003225200181003566500035005377000032005726133FISKH20250318103105.0250318b cb ||||| |||| 00| 0 eng d a9780545289979 aFISKHbengcFISKHdFISKH aPZ7.M53328 a813.6 aMercer, Sienna  aTake two /cBy Sienna Mercer aFirst Scholastic printing , January 2011 aNew York : bScholastic ;c2011 .  a196 pages : billustrations ;c19 cm .  aMy sister the vampirevBook 5 aEighth-grade twins Olivia and Ivy and their friends try to prevent a nosy television reporter, Serena Star, from uncovering the secret community of vampires in Franklin Grove.  aMy sister the vampirevFiction aTippie, Joel eTypographer